LEADER 01184nam a2200265 i 4500 001 000000149004 003 CaOOAMICUS 005 20060321000000.0 008 060321s1999 it u000 u ita u 013 $a126322 020 $a88-7610-745-2 040 $aSeMil$bita 100 1 $aCaprioli, Adriano,$c.$0(OLS)http://semarc/name/206 245 12$aI Catechisti Battesimali :$bStrumento di formazione per coloro che preparano i genitori al battesimo dei figli /$cAdriano Caprioli. 260 $aMilano :$bÀncora,$cCopyr. 1999. 300 $a140 p. ;$c21 cm. 490 0 $aPercorsi pastorali 650 4$aBattesimo - Catechesi.$0(OLS)http://semarc/subject/1396 830 0$aPercorsi pastorali.$0(OLS)http://semarc/title/12127 850 $aSeMil 852 $aSeMil$W1$xVenegono$y1$m2C VI 6$j101319$B101319$CSeMilBibl$Z2$F110218 $81 961 $aOmaggio: Altro 996 $6020$a88-7610-745-2$9(OLS)http://semarc/number/138021 996 $6245$aI Catechisti Battesimali :$bStrumento di formazione per coloro che preparano i genitori al battesimo dei figli$9(OLS)http://semarc/title/217805 996 $6260$aMilano :$bÀncora$9(OLS)http://semarc/publisher/29763 LEADER 00959nam a2200253 i 4500 001 000000092956 003 CaOOAMICUS 005 20180830150130.0 008 180830s1964 xx u000 u und u 013 $a65198 040 $aSeMil$bita 100 1 $aMazzolari, Primo,$d<1890-1959>.$0(OLS)http://semarc/name/3525 245 13$aLa Pasqua. 260 $aVicenza :$bLa Locusta,$c1964. 300 $a116 p. 650 4$aVia Crucis.$0(OLS)http://semarc/subject/6981 650 4$aPasqua.$0(OLS)http://semarc/subject/5612 650 4$aSettimana Santa.$0(OLS)http://semarc/subject/914 650 4$aMeditazioni.$0(OLS)http://semarc/subject/1352 700 1 $aColla, Rienzo <1921-2009>.$0(OLS)http://semarc/name/39965 850 $aSeMil 852 $aSeMil$W1$xVenegono$y1$m94 1 60B *$j55776$B55776$CSeMilBibl$Z2$F60557 $81 996 $6245$aLa Pasqua$9(OLS)http://semarc/title/53789 996 $6260$aVicenza :$bLa Locusta$9(OLS)http://semarc/publisher/31451